000 01520cam a22003011a 4500
001 ne 67000071
003 DLC
005 20260227111828.0
008 881028s1963 ua b 001 0 ara
010 _ane 67000071
035 _a(OCoLC)23486185
040 _aDLC
_cMiU
_dDLC
050 0 0 _aBP193.1.A2
_bS49 1963
066 _c(3
100 1 _6880-01
_aSharīf al-Raḍī, Muḥammad ibn al-Ḥusayn,
_d969 or 970-1016.
245 1 0 _6880-02
_aNahj al-balāghah :
_bwa-huwa mā jamaʻahu al-Sharīf al-Raḍī min kalām Amīr al-Muʼminīn al-Imām ʻAlī ibn Abī Ṭālib,
_ctaḥqīq wa-sharḥ Muḥammad Abū al-Faḍl Ibrāhīm.
250 _6880-03
_aal-Ṭabʻah 1.
260 _6880-04
_a[Cairo] :
_bDār Iḥyāʼ al-Kutub al-ʻArabīyah,
_c1963.
300 _a2 v. ;
_c24 cm.
504 _aIncludes bibliographical references and indexes.
600 0 0 _aʻAlī ibn Abī Ṭālib,
_cCaliph,
_dapproximately 600-661
_xHadith.
700 0 _aʻAlī ibn Abī Ṭālib,
_cCaliph,
_dapproximately 600-661.
700 1 _aIbrāhīm, Muḥammad Abū al-Faḍl.
880 1 _6100-01/(3/r
_aشريف الراضي، محمد بن الحسين.
880 1 0 _6245-02/(3/r
_aنهج البلاغة :
_bوهو ما جمعه الشريف الرضي من كلام امير المؤمنين الامام علي بن ابي طالب /
_cتحقيق وشرح محمد ابو فضل ابراهيم.
880 _6250-03/(3/r
_aالطبعة 1.
880 _6260-04/(3/r
_a[Cairo] :
_bدار احياء الكتب العربية،
_c1963.
999 _c49304
_d49304